000 01167nam0a22003011 4500
001 v19\rc\1594844
005 20260407121438.0
035 _a(NLR Aleph) 004718508
090 _a4299333
_c4299333
100 _a20061002d1895 |||y0rusy50 ca
101 0 _arus
102 _aRU
105 _ay z |||||
200 1 _aСистематический сборник приказов по Военному ведомству и циркуляров Главного штаба за 1893-1894 года
_fСост. и изд. К.В. Коссинский
210 _aСанкт-Петербург
_d1895
215 _aXII, 348, 456 с.
_d26
702 1 _aКоссинский
_bК.В.
_gКонстантин Владимирович
_4220
710 0 1 _aРоссия
_bВоенное министерство
_3RU\NLR\AUTH\889942200
_9379257
712 0 1 _aРоссия
_bГлавный штаб
_3RU\NLR\AUTH\889955358
_9406795
801 0 _aRU
_bNLR
_gpsbo
801 0 _aRU
_bRuMoRGB
_2psbo
801 1 _aRU
_bProSoft-M
_2rusmarc
852 _aNLR
_j18.317.6.24(9)
899 _aRuMoRGB
_jT 23/700
899 _aБАН
899 _aRuMoRGB
_jΔ 158/7
942 _cBOOK
980 _aNB